00984cam a2200277 a 4500999001500000001000900015003000500024005001700029008004100046010001700087020003100104040001300135050002300148082001600171100002800187245006800215260006700283300003200350504006300382650004100445650002200486650002000508906004500528942001200573952012100585 c4098d409815861281Nust20170105101620.0090810s2009 nyua b 001 0 eng  a 2009032936 a9780230218758 (alk. paper) aDLCcDLC00aLB2369b.G747 200900a808.02bGRE1 aGreetham, Bryan,d1946-10aHow to write your undergraduate dissertation /cBryan Greetham. aBasingstoke [England] ; New York :bPalgrave Macmillan,c2009. ax, 395 p. :bill. ;c22 cm. aIncludes bibliographical references (p. [389] ) and index. 0aDissertations, AcademicxAuthorship. 0aAcademic writing. 0aUndergraduates. a7bcbccorignewd1eecipf20gy-gencatlg 2ddccBK 00102ddc40708NFICaCLbCLcCARTd2016-12-21l1m3o808.02 GREpCL2280r2026-03-17s2017-11-29t1w2016-12-21yBK